Iniciatíva akadémií vied dunajského regiónu v programe Dunajskej stratégie

Historické hľadisko podunajskej oblasti, výzvy a pilotné projekty pre tento región. Stratégiu na podporu rozvoja dunajského regiónu vyhlásila Európska komisia v decembri 2010 a Európska rada ju schválila v júni 2011.

Saved in:
Bibliographic Details
Main Author: Luby, Štefan
Format: Book Chapter
Language:Slovak
Subjects:
Tags: Add Tag
No Tags, Be the first to tag this record!

MARC

LEADER 00000naa a2200000 4500
001 0170092
005 20231208080828.6
041 0 |a slo 
044 |a SK 
245 1 0 |a Iniciatíva akadémií vied dunajského regiónu v programe Dunajskej stratégie  |c Štefan Luby 
520 |a Historické hľadisko podunajskej oblasti, výzvy a pilotné projekty pre tento región. Stratégiu na podporu rozvoja dunajského regiónu vyhlásila Európska komisia v decembri 2010 a Európska rada ju schválila v júni 2011. 
610 2 0 |a euroregióny 
610 2 0 |a rieky medzinárodné 
610 2 0 |a Dunaj 
610 2 0 |a diverzita biologická 
610 2 0 |a prostredie krajinné 
610 2 0 |a ochrana prostredia životného 
100 1 |a Luby, Štefan